000 00917nas a2200277 4500
001 BR0205712
003 BR-BrBNA
005 20231205103412.0
007 ta
008 230509b bl.|||p| |||| 00| 00por d
040 _aBR-BrBNA
_bpor
_cBiblioteca Nacional de Agricultura
041 _a(Pt)
072 _aL74; L70
100 1 _aRahal, S.C.
100 1 _aVolpi, R.S.
100 1 _aIamaguti, P.
245 1 _aCorreção e prevenção da deformidade em flexão da articulação antebraquiocárpica em cães, decorrente do alongamento do antebraço pelo método de Ilizarov
650 _aCÃO
650 _aARTICULAÇÃO
650 _aCIRURGIA
650 _aMÉTODO
650 _aMALFORMAÇÃO
773 0 _tArquivo Brasileiro de Medicina Veterinária e Zootecnia (Brazil)
_xISSN 0102-0935
_g(Aug 2002), v. 54(4) p. 371-382
_wBR0205712
909 _a202311
_bLúcia
_c55
_dLúcia Elande
942 _2AGRIS
_n0
_cANA
999 _c172670
_d172670